[Event "IECC Swiss-499.4"]
[Site "IECC email"]
[Date "2007.02.20"]
[Round "?"]
[White "Maubach, Steve"]
[Black "Basson, Heinrich"]
[Result "1/2-1/2"]
[WhiteElo "1488"]
[BlackElo "1816"]
[PlyCount "110"]
[EventDate "2007.??.??"]
[EventType "swiss (corr)"]
[EventRounds "1"]
[SourceTitle "Corr 2011"]
[Source "ChessBase"]
[SourceDate "2010.08.31"]
[SourceVersion "1"]
[SourceVersionDate "2010.08.31"]
[SourceQuality "1"]
[WhiteTeam "Australia"]
[BlackTeam "Belgium"]
[WhiteTeamCountry "AUS"]
[BlackTeamCountry "BEL"]

1. e4 e5 2. Nf3 Nf6 3. Nxe5 Qe7 4. d4 Nc6 5. Nxc6 Qxe4+ 6. Be2 dxc6 7. 0-0 Be6 8. Nc3 Qh4 9. g3 Qh3 10. Re1 0-0-0 11. Bf1 Qf5 12. Bf4 Bd6 13. Bd3 Qa5 14. Bd2 Qb6 15. a4 Qxd4 16. Be3 Qb4 17. Bxa7 Qa5 18. Bd4 h5 19. Bxf6 gxf6 20. Ne4 Be5 21. c3 h4 22. Qf3 hxg3 23. hxg3 c5 24. Qe2 Bd5 25. Bc4 c6 26. f4 Bc7 27. Bxd5 cxd5 28. Nxf6 c4 29. Ng4 Rdg8 30. Kg2 Rg7 31. Nf6 Rg6 32. Rh1 Rd8 33. Nh5 Re6 34. Qf3 Kb8 35. Ng7 Re4 36. Rh6 Rg8 37. Nh5 Ka8 38. Kh3 Qc5 39. Rd1 Qf8 40. Rxd5 Rxf4 41. gxf4 Qxh6 42. Rb5 Qe6+ 43. f5 Qa6 44. Qd5 Rd8 45. Qe4 Qa7 46. f6 Rd2 47. Kh4 Rh2+ 48. Kg5 Qb8 49. Ng7 Rf2 50. Ne8 Bb6 51. Qe5 Rg2+ 52. Kf4 Qc8 53. Ra5+ Bxa5 54. Qxa5+ Kb8 55. Qe5+ Ka7 1/2-1/2

[Event "IECC Swiss-498.4"]
[Site "IECC email"]
[Date "2006.11.27"]
[Round "?"]
[White "Maubach, Steve"]
[Black "Hassan, William"]
[Result "1/2-1/2"]
[WhiteElo "1475"]
[BlackElo "1894"]
[PlyCount "70"]
[EventDate "2006.??.??"]
[EventType "swiss (corr)"]
[EventRounds "1"]
[SourceTitle "Corr 2008"]
[Source "ChessBase"]
[SourceDate "2008.06.24"]
[SourceVersion "1"]
[SourceVersionDate "2008.06.24"]
[SourceQuality "1"]

1. e4 d6 2. d4 g6 3. Nc3 Bg7 4. Bc4 Nf6 5. Nf3 c6 6. 0-0 b5 7. Bd3 0-0 8. a4 b4 9. Na2 c5 10. dxc5 dxc5 11. e5 Nd5 12. Be4 Bb7 13. c4 bxc3 14. Nxc3 e6 15. Qb3 Qb6 16. Qc4 Nd7 17. Nxd5 exd5 18. Bxd5 Nxe5 19. Nxe5 Bxe5 20. Bxb7 Qxb7 21. Qxc5 Rfe8 22. h3 Rac8 23. Qb5 Re7 24. Rd1 a6 25. Qd3 Re6 26. Qd7 Re7 27. Qxb7 Rxb7 28. Rb1 Rc4 29. Bh6 f6 30. Rd8+ Kf7 31. Rh8 Ke6 32. Re1 Rxb2 33. f4 Rcc2 34. fxe5 Rxg2+ 35. Kh1 Rh2+ 1/2-1/2

[Event "IECC Swiss-499.3"]
[Site "IECC email"]
[Date "2006.06.14"]
[Round "?"]
[White "Maubach, Steve"]
[Black "Agnew, George"]
[Result "1-0"]
[WhiteElo "1433"]
[BlackElo "1046"]
[PlyCount "52"]
[EventDate "2006.??.??"]
[EventType "swiss (corr)"]
[EventRounds "1"]
[SourceTitle "Corr 2020"]
[Source "ChessBase"]
[SourceDate "2019.09.30"]
[SourceVersion "1"]
[SourceVersionDate "2019.09.30"]
[SourceQuality "1"]
[WhiteTeam "Canada"]
[BlackTeam "United States"]
[WhiteTeamCountry "CAN"]
[BlackTeamCountry "USA"]

1. e4 e5 2. Nf3 d6 3. d4 Nf6 4. dxe5 Nxe4 5. Qd5 Nc5 6. Bg5 Be7 7. exd6 cxd6 8. Nc3 Nbd7 9. Bc4 0-0 10. 0-0-0 Bxg5+ 11. Nxg5 Qf6 12. Nge4 Qe5 13. Nxc5 Qxd5 14. Rxd5 Nxc5 15. Rxd6 Be6 16. Bxe6 Nxe6 17. Rhd1 a6 18. Rd7 b5 19. b4 h6 20. Nd5 Kh7 21. f4 f5 22. g3 a5 23. Re7 Nd8 24. Nb6 Ra6 25. Rdd7 Kg6 26. Rxg7+ Kf6 1-0

[Event "IECC Swiss-498.1"]
[Site "IECC email"]
[Date "2005.06.10"]
[Round "?"]
[White "Cashon, John J"]
[Black "Maubach, Steve"]
[Result "1-0"]
[WhiteElo "1845"]
[BlackElo "1431"]
[PlyCount "43"]
[EventDate "2005.??.??"]
[EventType "swiss (corr)"]
[EventRounds "1"]
[SourceTitle "Corr 2020"]
[Source "ChessBase"]
[SourceDate "2019.09.30"]
[SourceVersion "1"]
[SourceVersionDate "2019.09.30"]
[SourceQuality "1"]
[WhiteTeam "United States"]
[BlackTeam "Canada"]
[WhiteTeamCountry "USA"]
[BlackTeamCountry "CAN"]

1. e4 e5 2. Nf3 Nc6 3. Nc3 Nf6 4. d4 exd4 5. Nxd4 Bb4 6. Nxc6 bxc6 7. Bd3 d5 8. 0-0 0-0 9. exd5 cxd5 10. Bg5 c6 11. Qf3 Be7 12. Rfe1 Re8 13. Qg3 Be6 14. Ne2 Nd7 15. Bxe7 Rxe7 16. Nd4 Qc8 17. Bxh7+ Kf8 18. Qd6 Nf6 19. Nxc6 Qd7 20. Qxe7+ Qxe7 21. Nxe7 Nxh7 22. Ng6+ 1-0

[Event "IECC TH-M-2525"]
[Site "IECC email"]
[Date "2005.02.27"]
[Round "?"]
[White "Maubach, Steve"]
[Black "Mongle, John H"]
[Result "0-1"]
[WhiteElo "1433"]
[BlackElo "1682"]
[PlyCount "46"]
[EventDate "2005.??.??"]
[EventType "match (corr)"]
[EventRounds "2"]
[SourceTitle "Corr 2008"]
[Source "ChessBase"]
[SourceDate "2008.06.24"]
[SourceVersion "1"]
[SourceVersionDate "2008.06.24"]
[SourceQuality "1"]

1. e4 e5 2. Nf3 d5 3. exd5 e4 4. Qe2 Nf6 5. d3 Bd6 6. dxe4 0-0 7. Nc3 Re8 8. Bg5 Nbd7 9. 0-0-0 h6 10. Bxf6 Nxf6 11. h3 Bf5 12. Qc4 Bxe4 13. Be2 Rc8 14. Qb3 c6 15. dxc6 Bxc6 16. Rhg1 Ne4 17. Bc4 Qf6 18. Nxe4 Bxe4 19. Rxd6 Qxd6 20. Bxf7+ Kf8 21. Bc4 Red8 22. a3 Qc5 23. Kb1 Qxc4 0-1

[Event "IECC Swiss-483.2"]
[Site "IECC email"]
[Date "2004.10.30"]
[Round "?"]
[White "Livelo, Joey Darvin"]
[Black "Maubach, Steve"]
[Result "1/2-1/2"]
[WhiteElo "1408"]
[BlackElo "1432"]
[PlyCount "62"]
[EventDate "2004.??.??"]
[EventType "swiss (corr)"]
[EventRounds "1"]
[SourceTitle "Corr 2020"]
[Source "ChessBase"]
[SourceDate "2019.09.30"]
[SourceVersion "1"]
[SourceVersionDate "2019.09.30"]
[SourceQuality "1"]
[WhiteTeam "Philippines"]
[BlackTeam "Canada"]
[WhiteTeamCountry "PHI"]
[BlackTeamCountry "CAN"]

1. e4 c5 2. Nc3 Nc6 3. g3 g6 4. Bg2 Bg7 5. d3 d6 6. f4 e6 7. Nf3 Nge7 8. 0-0 0-0 9. Ne2 Nd4 10. c3 Nxf3+ 11. Bxf3 Bd7 12. Be3 Bc6 13. Qb3 Qb6 14. d4 Qxb3 15. axb3 cxd4 16. Nxd4 Bxd4 17. Bxd4 a6 18. Bb6 d5 19. exd5 Nxd5 20. Bc5 Rfc8 21. Bd4 Ne7 22. Rad1 b5 23. Kf2 Bxf3 24. Kxf3 Nd5 25. Ra1 f6 26. Rfe1 Kf7 27. Rac1 Rd8 28. Red1 Rac8 29. c4 Nb4 30. c5 Nc6 31. Ke4 f5+ 1/2-1/2

[Event "IECC KO email"]
[Site "IECC email"]
[Date "2003.06.06"]
[Round "?"]
[White "Maubach, Steve"]
[Black "Jensen, Jeff"]
[Result "1/2-1/2"]
[WhiteElo "1422"]
[BlackElo "1536"]
[PlyCount "92"]
[EventDate "2003.??.??"]
[EventType "tourn (corr)"]
[EventRounds "6"]
[SourceTitle "Corr 2008"]
[Source "ChessBase"]
[SourceDate "2008.06.24"]
[SourceVersion "1"]
[SourceVersionDate "2008.06.24"]
[SourceQuality "1"]

1. e4 c6 2. d4 d5 3. Nc3 dxe4 4. Nxe4 Bf5 5. Ng3 Bg6 6. Nf3 Nd7 7. Bd3 Bxd3 8. Qxd3 e6 9. 0-0 Ngf6 10. Re1 Be7 11. c4 Qb6 12. Bf4 h6 13. a4 a5 14. Re2 g5 15. Be3 0-0-0 16. Qc2 Qc7 17. Nd2 Bd6 18. Nb3 b6 19. Bd2 c5 20. Bc3 Rhg8 21. dxc5 Bxc5 22. Ne4 Nxe4 23. Qxe4 Rg6 24. Qa8+ Qb8 25. Qxb8+ Kxb8 26. Rd1 Kc8 27. Red2 Rgg8 28. g3 g4 29. Kg2 h5 30. h4 Rge8 31. Rd3 f5 32. f3 gxf3+ 33. Kxf3 Bb4 34. Ke2 Bxc3 35. Rxc3 Nf6 36. Nd4 Ne4 37. Rcd3 Nc5 38. Re3 Nxa4 39. b3 Nc5 40. Nf3 Rxd1 41. Kxd1 Kc7 42. Kc2 Rd8 43. Ng5 Rd6 44. Nh3 Ne4 45. Nf4 Kc6 46. Nxh5 Rd2+ 1/2-1/2

[Event "IECC KO email"]
[Site "IECC email"]
[Date "2003.02.28"]
[Round "?"]
[White "Embrechts, Wim"]
[Black "Maubach, Steve"]
[Result "0-1"]
[WhiteElo "1153"]
[BlackElo "1423"]
[PlyCount "28"]
[EventDate "2003.??.??"]
[EventType "tourn (corr)"]
[EventRounds "6"]
[SourceTitle "Corr 2008"]
[Source "ChessBase"]
[SourceDate "2008.06.24"]
[SourceVersion "1"]
[SourceVersionDate "2008.06.24"]
[SourceQuality "1"]

1. e4 Nf6 2. Nc3 d6 3. d4 g6 4. Nf3 Bg7 5. Bc4 0-0 6. Bf4 Nc6 7. 0-0 Nh5 8. Be3 Bg4 9. Be2 Nf6 10. d5 Bxf3 11. Bxf3 Ne5 12. Be2 c6 13. f4 Ned7 14. f5 gxf5 0-1

[Event "IECC Swiss email"]
[Site "IECC email"]
[Date "2002.12.11"]
[Round "?"]
[White "Maubach, Steve"]
[Black "Hassan, William"]
[Result "0-1"]
[WhiteElo "1422"]
[BlackElo "1898"]
[PlyCount "52"]
[EventDate "2002.??.??"]
[EventType "tourn (corr)"]
[EventRounds "6"]
[SourceTitle "Corr 2008"]
[Source "ChessBase"]
[SourceDate "2008.06.24"]
[SourceVersion "1"]
[SourceVersionDate "2008.06.24"]
[SourceQuality "1"]

1. e4 d6 2. d4 g6 3. Nc3 c6 4. Nf3 Nd7 5. Bc4 b5 6. Bb3 a5 7. a3 a4 8. Ba2 e5 9. Be3 h6 10. dxe5 dxe5 11. 0-0 Ngf6 12. Bxf7+ Kxf7 13. Nxe5+ Kg7 14. Nxc6 Qe8 15. e5 Nxe5 16. Nxe5 Qxe5 17. Bd4 Qf5 18. f3 Bc5 19. g4 Qe5 20. Nxb5 Rd8 21. Re1 Bxd4+ 22. Qxd4 Qxd4+ 23. Nxd4 Rxd4 24. Re7+ Kf8 25. Rc7 Rb8 26. Rc6 Rf4 0-1

[Event "IECC M email"]
[Site "IECC email"]
[Date "2001.08.15"]
[Round "?"]
[White "Maubach, Steve"]
[Black "Wilkinson, David"]
[Result "1-0"]
[WhiteElo "1361"]
[BlackElo "1200"]
[PlyCount "35"]
[EventDate "2001.??.??"]
[EventType "tourn (corr)"]
[EventRounds "6"]
[SourceTitle "Corr 2008"]
[Source "ChessBase"]
[SourceDate "2008.06.24"]
[SourceVersion "1"]
[SourceVersionDate "2008.06.24"]
[SourceQuality "1"]

1. e4 e5 2. f4 Bc5 3. Nf3 d6 4. Nc3 Nf6 5. Bc4 0-0 6. d3 Be6 7. Bxe6 fxe6 8. fxe5 d5 9. exf6 dxe4 10. Nxe4 Qd5 11. Nxc5 Qxc5 12. d4 Qd5 13. fxg7 Qe4+ 14. Kf2 Nd7 15. gxf8Q+ Rxf8 16. Re1 Qg4 17. Kg1 c5 18. d5 1-0

[Event "IECC Swiss email"]
[Site "IECC email"]
[Date "2001.05.22"]
[Round "?"]
[White "Cashon, John J"]
[Black "Maubach, Steve"]
[Result "1-0"]
[WhiteElo "1949"]
[BlackElo "1362"]
[PlyCount "45"]
[EventDate "2001.??.??"]
[EventType "tourn (corr)"]
[EventRounds "6"]
[SourceTitle "Corr 2008"]
[Source "ChessBase"]
[SourceDate "2008.06.24"]
[SourceVersion "1"]
[SourceVersionDate "2008.06.24"]
[SourceQuality "1"]

1. e4 e5 2. f4 exf4 3. Nf3 d5 4. exd5 Nf6 5. c4 c6 6. d4 Bb4+ 7. Nc3 0-0 8. Bxf4 cxd5 9. Be2 dxc4 10. Bxc4 Ne4 11. 0-0 Nxc3 12. bxc3 Bxc3 13. Rc1 Bb4 14. Ng5 Nc6 15. Qh5 Qxd4+ 16. Kh1 Bf5 17. Bxf7+ Rxf7 18. Qxf7+ Kh8 19. Qxf5 g6 20. Nf7+ Kg7 21. Bh6+ Kg8 22. Qe6 Ne7 23. Ne5+ 1-0

[Event "IECG RF.2001.0.00001"]
[Site "IECG email"]
[Date "2001.05.06"]
[Round "?"]
[White "Dunne, Stephen"]
[Black "Maubach, Steve"]
[Result "0-1"]
[WhiteElo "1100"]
[BlackElo "1197"]
[PlyCount "48"]
[EventDate "2001.05.06"]
[EventType "tourn (corr)"]
[EventRounds "6"]
[SourceTitle "Corr 2008"]
[Source "ChessBase"]
[SourceDate "2008.06.24"]
[SourceVersion "1"]
[SourceVersionDate "2008.06.24"]
[SourceQuality "1"]

1. e4 c5 2. b3 e5 3. f4 exf4 4. Nf3 Be7 5. Bc4 Bh4+ 6. Ke2 d6 7. d4 cxd4 8. Bxf4 Qf6 9. Qd2 d3+ 10. cxd3 Qxa1 11. Nxh4 Bg4+ 12. Nf3 Nc6 13. Rf1 Bxf3+ 14. gxf3 Qf6 15. Bb5 Nge7 16. Bg5 Qe5 17. Bxc6+ Nxc6 18. f4 Nd4+ 19. Kd1 Qc5 20. f5 Rc8 21. b4 Qb5 22. Be3 Qa4+ 23. Ke1 Rc2 24. Qd1 Re2+ 0-1

[Event "IECG RF.2001.0.00001"]
[Site "IECG email"]
[Date "2001.05.06"]
[Round "?"]
[White "Kose, Savas"]
[Black "Maubach, Steve"]
[Result "1/2-1/2"]
[WhiteElo "1179"]
[BlackElo "1197"]
[PlyCount "94"]
[EventDate "2001.05.06"]
[EventType "tourn (corr)"]
[EventRounds "6"]
[SourceTitle "Corr 2008"]
[Source "ChessBase"]
[SourceDate "2008.06.24"]
[SourceVersion "1"]
[SourceVersionDate "2008.06.24"]
[SourceQuality "1"]

1. e4 d6 2. d4 Nf6 3. Nc3 g6 4. Bd3 Bg7 5. Nf3 0-0 6. 0-0 Bg4 7. h3 Bxf3 8. Qxf3 Nbd7 9. Re1 c5 10. e5 Ne8 11. Bg5 dxe5 12. dxe5 c4 13. Be2 h6 14. Rad1 hxg5 15. Qxb7 Nc7 16. Bf3 e6 17. Bc6 Nc5 18. Rxd8 Nxb7 19. Rd7 Na5 20. Rxc7 Nxc6 21. Rxc6 Rfc8 22. Rxc8+ Rxc8 23. Kf1 Rb8 24. Nd1 Rd8 25. b3 cxb3 26. axb3 Kf8 27. Nb2 Rd2 28. Nc4 Rxc2 29. Ra1 Rc3 30. Ra3 Kg8 31. Ke2 Bf8 32. Rxa7 Rxb3 33. Nd6 Rb2+ 34. Kf3 f5 35. Kg3 Rb3+ 36. f3 Rb8 37. Rd7 Bg7 38. Nf7 Rb4 39. Ra7 Kf8 40. Kh2 Rb5 41. Kg1 Bxe5 42. Nxe5 Rxe5 43. Kh2 Re2 44. Rb7 e5 45. Ra7 e4 46. fxe4 Rxe4 47. Kg3 Re7 1/2-1/2

[Event "IECG RF.2001.0.00001"]
[Site "IECG email"]
[Date "2001.05.06"]
[Round "?"]
[White "Maubach, Steve"]
[Black "Murtinho de Moraes, Bruno"]
[Result "1-0"]
[WhiteElo "1197"]
[BlackElo "1030"]
[PlyCount "71"]
[EventDate "2001.05.06"]
[EventType "tourn (corr)"]
[EventRounds "6"]
[SourceTitle "Corr 2008"]
[Source "ChessBase"]
[SourceDate "2008.06.24"]
[SourceVersion "1"]
[SourceVersionDate "2008.06.24"]
[SourceQuality "1"]

1. e4 e5 2. Nf3 Nc6 3. d4 exd4 4. Nxd4 Bc5 5. Be3 Qf6 6. c3 Nge7 7. Nd2 Nxd4 8. e5 Nc2+ 9. Qxc2 Qxe5 10. Nf3 Qh5 11. Bxc5 Qxc5 12. Bd3 d6 13. 0-0 Bg4 14. Qa4+ Bd7 15. Qh4 Be6 16. Nd4 Qb6 17. Rae1 d5 18. Bxh7 c5 19. Nxe6 fxe6 20. f4 Kd7 21. f5 e5 22. Rxe5 c4+ 23. Rf2 Qf6 24. Qf4 Rxh7 25. Re6 Qf8 26. Qd6+ Ke8 27. Rfe2 Kf7 28. Rxe7+ Kg8 29. Qxd5+ Kh8 30. Qd7 Rh5 31. Re8 Rxe8 32. Rxe8 Rxf5 33. Rxf8+ Rxf8 34. Qxb7 Rd8 35. Qf3 Rb8 36. Qf2 1-0

[Event "IECG RF.2001.0.00001"]
[Site "IECG email"]
[Date "2001.05.06"]
[Round "?"]
[White "Smeltzer, Brent S"]
[Black "Maubach, Steve"]
[Result "1/2-1/2"]
[WhiteElo "981"]
[BlackElo "1197"]
[PlyCount "50"]
[EventDate "2001.05.06"]
[EventType "tourn (corr)"]
[EventRounds "6"]
[SourceTitle "Corr 2008"]
[Source "ChessBase"]
[SourceDate "2008.06.24"]
[SourceVersion "1"]
[SourceVersionDate "2008.06.24"]
[SourceQuality "1"]

1. e4 e5 2. Nf3 Nf6 3. d4 exd4 4. e5 Ne4 5. Qxd4 d5 6. exd6 Nxd6 7. Bd3 Nc6 8. Qf4 g6 9. 0-0 Bg7 10. Re1+ Be6 11. Nc3 0-0 12. Be3 Qf6 13. Qa4 h6 14. Rab1 a6 15. Ne4 Nxe4 16. Bxe4 b5 17. Qa3 Bf5 18. Bxf5 Qxf5 19. Qc5 Qxc5 20. Bxc5 Rfe8 21. c3 g5 22. h4 g4 23. Nd4 Nxd4 24. Bxd4 a5 25. Rbd1 Kh7 1/2-1/2

[Event "IECG CP.2000.P.00076"]
[Site "IECG email"]
[Date "2000.10.01"]
[Round "?"]
[White "Maubach, Steve"]
[Black "Perrotta, Andrea"]
[Result "1-0"]
[WhiteElo "1158"]
[BlackElo "1876"]
[PlyCount "61"]
[EventDate "2000.10.01"]
[EventType "tourn (corr)"]
[EventRounds "6"]
[EventCountry "ARG"]
[SourceTitle "Corr 2008"]
[Source "ChessBase"]
[SourceDate "2008.06.24"]
[SourceVersion "1"]
[SourceVersionDate "2008.06.24"]
[SourceQuality "1"]

1. e4 e5 2. Nf3 Nc6 3. Bc4 Bc5 4. c3 Nf6 5. d4 exd4 6. cxd4 Bb4+ 7. Bd2 Bxd2+ 8. Nbxd2 d5 9. exd5 Nxd5 10. Qb3 Nce7 11. 0-0 0-0 12. Rfe1 c6 13. Rac1 h6 14. Ne4 Qb6 15. Qa3 Qc7 16. Ne5 Rd8 17. Re3 Nxe3 18. Bxf7+ Kh8 19. fxe3 Bf5 20. Nc5 b6 21. Ne6 Bxe6 22. Bxe6 Kh7 23. Nf7 Rf8 24. d5 Qb7 25. Qd3+ g6 26. d6 c5 27. e4 Nc6 28. Rf1 Rae8 29. Qh3 h5 30. Qe3 g5 31. Bf5+ 1-0

[Event "IECG CP.2000.P.00076"]
[Site "IECG email"]
[Date "2000.10.01"]
[Round "?"]
[White "Turro, Josep"]
[Black "Maubach, Steve"]
[Result "0-1"]
[WhiteElo "800"]
[BlackElo "1158"]
[PlyCount "32"]
[EventDate "2000.10.01"]
[EventType "tourn (corr)"]
[EventRounds "6"]
[EventCountry "ARG"]
[SourceTitle "Corr 2008"]
[Source "ChessBase"]
[SourceDate "2008.06.24"]
[SourceVersion "1"]
[SourceVersionDate "2008.06.24"]
[SourceQuality "1"]

1. e4 c5 2. Nf3 d6 3. d4 cxd4 4. Nxd4 Nf6 5. Nc3 Nc6 6. Be2 Nxd4 7. Qxd4 e5 8. Qd3 Be7 9. 0-0 0-0 10. f4 Be6 11. f5 Bd7 12. g4 Bc6 13. g5 Nd7 14. f6 gxf6 15. gxf6 Bxf6 16. Qxd6 Be7 0-1

[Event "IECC M email"]
[Site "IECC email"]
[Date "2000.06.18"]
[Round "?"]
[White "Maubach, Steve"]
[Black "Zurowski, Dennis"]
[Result "0-1"]
[WhiteElo "1397"]
[BlackElo "1411"]
[PlyCount "36"]
[EventDate "2000.??.??"]
[EventType "tourn (corr)"]
[EventRounds "2"]
[SourceTitle "Corr 2008"]
[Source "ChessBase"]
[SourceDate "2008.06.24"]
[SourceVersion "1"]
[SourceVersionDate "2008.06.24"]
[SourceQuality "1"]

1. e4 e5 2. Nf3 Nc6 3. Bb5 Nge7 4. d4 d6 5. dxe5 dxe5 6. Nxe5 Qxd1+ 7. Kxd1 g6 8. Bf4 f6 9. Nxc6 bxc6 10. Bxc7 cxb5 11. Nc3 a6 12. Nd5 Nxd5 13. exd5 Bb7 14. Re1+ Kd7 15. Bf4 Bxd5 16. f3 Rc8 17. Re2 Bc5 18. Kd2 g5 0-1

[Event "IECC O email"]
[Site "IECC email"]
[Date "1999.10.25"]
[Round "?"]
[White "Bertin, Francois"]
[Black "Maubach, Steve"]
[Result "1-0"]
[WhiteElo "1319"]
[BlackElo "1381"]
[PlyCount "67"]
[EventDate "1999.??.??"]
[EventType "tourn (corr)"]
[EventRounds "6"]
[SourceTitle "Corr 2008"]
[Source "ChessBase"]
[SourceDate "2008.06.24"]
[SourceVersion "1"]
[SourceVersionDate "2008.06.24"]
[SourceQuality "1"]

1. e4 c6 2. d3 d5 3. Nd2 e5 4. Ngf3 Bd6 5. g3 Nf6 6. Bg2 0-0 7. 0-0 h6 8. h3 Be6 9. c3 Qd7 10. Kh2 c5 11. d4 Nc6 12. dxe5 Nxe5 13. Nxe5 Bxe5 14. Nf3 Bc7 15. exd5 Bxd5 16. Be3 b6 17. Rc1 Qc6 18. Qe2 c4 19. Nd4 Qb7 20. Bxd5 Qxd5 21. Rcd1 b5 22. a4 bxa4 23. Nc2 Qf5 24. Na3 Qg6 25. Rfe1 Rfe8 26. Nxc4 Ne4 27. Qf3 Rac8 28. Rd4 Qc6 29. Nd2 f5 30. Qxf5 Nxd2 31. Rxd2 Bb6 32. Rd7 Rf8 33. Rxg7+ Kxg7 34. Bd4+ 1-0